| 000 | 01679nam a2200445 c 4500 | ||
|---|---|---|---|
| 001 | 53981 | ||
| 003 | ES-MaCES | ||
| 005 | 20251126105519.0 | ||
| 008 | 251126s2025 sp o000 | spa d | ||
| 017 |
_aM 11142-2025 _bDL |
||
| 020 | _a9788474769555 (v.2) | ||
| 020 | _a9788474769517 (o.c.) | ||
| 024 | 7 |
_a146-25-011-0 _2nipo |
|
| 040 |
_aES-MaCES _bspa _cES-MaCES |
||
| 245 | 0 | 0 |
_aEspaña 2025 _b: estructura y cambio social. V. 2: Dinámicas sociales _ced. a cargo de José Félix Tezanos y Constanza Tobío ; autores, Antonio Izquierdo Escribano ... [et al.] |
| 250 | _a1ª ed | ||
| 260 |
_aMadrid _bCIS, Centro de Investigaciones Sociológicas _c2025 |
||
| 300 |
_a603 p. _c25 cm |
||
| 490 | 1 |
_aFuera de Colección _v57 |
|
| 541 | _cCompra | ||
| 650 | 4 |
_aestructura social _927289 |
|
| 650 | 4 |
_acambio social _927286 |
|
| 650 | 4 |
_acondición social _927298 |
|
| 650 | 4 |
_amigración _928635 |
|
| 650 | 4 |
_ainmigración _928632 |
|
| 650 | 4 |
_aopinión pública _927247 |
|
| 650 | 4 |
_asistema de valores _929392 |
|
| 650 | 4 |
_aEspaña _926964 |
|
| 650 | 4 |
_a2025 _931384 |
|
| 650 | 4 |
_ainvestigación sociológica _927260 |
|
| 653 | 1 | 0 | _aCiencias Sociales-Políticas |
| 700 | 1 |
_924828 _aTezanos, José Félix _eaut. y ed. lit. |
|
| 700 | 1 |
_924952 _aTobío Soler, Constanza _eed. lit. |
|
| 700 | 1 |
_915276 _aIzquierdo Escribano, Antonio |
|
| 710 | 2 |
_aCentro de Investigaciones Sociológicas (Madrid) _eed. _91893 |
|
| 787 | 0 |
_tEspaña 2025 : estructura y cambio social. V. 1: Estructura social _w(ES-MaCES)53980 |
|
| 830 | 0 |
_940384 _aFuera de Colección (Centro de Investigaciones Sociológicas (Madrid)) _v57 |
|
| 902 | _aLIB Libro | ||
| 942 |
_2CES _cBK _h7.0. |
||
| 999 |
_c53981 _d53981 |
||